La revolución y la Crítica de la cultura

保存先:
書誌詳細
第一著者: Sastre, Alfonso
フォーマット: 図書
言語:Undetermined
出版事項: México, Distrito Federal Grijalbo 1970
主題:
タグ: タグ追加
タグなし, このレコードへの初めてのタグを付けませんか!

MARC

LEADER 00000nam a2200000Ia 4500
008 170316s9999 xx 000 0 und d
090 |a 100 S-16r 
100 |a Sastre, Alfonso 
245 |a La revolución y la Crítica de la cultura 
260 |a México, Distrito Federal 
260 |b Grijalbo 
260 |c 1970 
300 |a 270 páginas 
650 |a FILOSOFÍA 
650 |a BERTOLT BRECHT 
650 |a PETER WEISS 
650 |a EL TEATRO 
650 |a NIVEL POLÍTICO 
650 |a SOCIEDAD 
650 |a LITERATURA 
650 |a REVOLUCIÓN 
650 |a LENGUAJE 
650 |a ESTRUCTURA 
650 |a HISTORIA 
999 |c 17552  |d 17552 
040 |a cru BVZT 
942 |c 15 D  |h 100 S-16r  |2 z